| 000 | 00798nam a2200217Ia 4500 | ||
|---|---|---|---|
| 003 | OSt | ||
| 005 | 20230503154533.0 | ||
| 008 | 210423s2021 xx 000 0 und d | ||
| 020 | _a978-81-89301-32-3 | ||
| 040 | _cAL | ||
| 041 | _aeng | ||
| 082 |
_a020.2 _223 _bTHAT |
||
| 100 |
_aTHAKUR (S) _997312 |
||
| 245 |
_aTruemans NTA UGC NET SET library and information science: for JRF and eligibility testfor assistant professor _bPh.D M.Phil entrance exams |
||
| 260 |
_aNew Delhi _bDanika publishing company _c2021 |
||
| 300 |
_aviii,872 _bPB |
||
| 365 |
_b550 _cINR |
||
| 650 |
_aLibrary Science _997313 |
||
| 906 | _aassistant ; eligibility ; entrance ; exams ; information ; JRF ; library ; M.Phil ; NET ; NTA ; Ph.D ; professor ; science: ; SET ; testfor ; Truemans ; UGC | ||
| 942 |
_2ddc _cBK |
||
| 999 |
_c170916 _d170916 |
||